LIBRARY & INFORMATION CENTRE, KCAET, TAVANUR

ONLINE PUBLIC ACCESS CATALOGUE (OPAC)

Charles Lamb / (Record no. 2431)

MARC details
000 -LEADER
fixed length control field 00405cam a2200169ua 4500
041 ## - LANGUAGE CODE
Language code of text/sound track or separate title eng
082 ## - DEWEY DECIMAL CLASSIFICATION NUMBER
Classification number 828.09
Item number BLU/CH
100 ## - MAIN ENTRY--AUTHOR NAME
Personal name Blunden, Edmund .
245 ## - TITLE STATEMENT
Title Charles Lamb /
250 ## - EDITION STATEMENT
Edition statement 1 /
260 ## - PUBLICATION, DISTRIBUTION, ETC. (IMPRINT)
Place of publication London :
Name of publisher Longaman Green and Co ,
Year of publication 1964.
300 ## - PHYSICAL DESCRIPTION
Number of Pages 42 ; .
942 ## - ADDED ENTRY ELEMENTS (KOHA)
Koha item type Books
Holdings
Withdrawn status Lost status Damaged status Home library Current library Date acquired Full call number Accession Number Koha item type
    Damaged KAUAET KAUAET 07/04/2012 828.09 5428 Books
Withdrawn     KAUAET Sanskrit University 07/04/2012 828.09 11785 Books
free website counter